Hospodárska kríza a účinnosť nástrojov aktívnej politiky trhu práce diplomová práca

Saved in:
Bibliographic Details
Main Author: Držíková, Zuzana
Corporate Author: Národohospodárska fakulta EU. Katedra sociálneho rozvoja a práce
Other Authors: Stanek, Vojtech
Format: Book
Language:Slovak
Published: Bratislava 2010
Tags: Add Tag
No Tags, Be the first to tag this record!

MARC

LEADER 00000nam a2200000 4500
001 0118367
005 20240318122236.2
041 0 |a slo 
044 |a SK 
245 1 0 |a Hospodárska kríza a účinnosť nástrojov aktívnej politiky trhu práce  |b diplomová práca  |c Zuzana Držíková ; škol. Vojtech Stanek 
264 1 |a Bratislava  |c 2010 
300 |a 108 s. 
100 1 |a Držíková, Zuzana 
700 1 |a Stanek, Vojtech 
710 2 |a Národohospodárska fakulta EU. Katedra sociálneho rozvoja a práce